000 00270nam a22001217a 4500
082 _a894.812.1
_bVEN/V
100 _aVENNIYUR, RASHEED
245 _aVAYICHOKKA
246 _aVAYICHOKKA
_bVAYICHOKKA
260 _aCALICUT
_bMADHARAM
650 _aMALAYALAM POEM
942 _cBK
999 _c9081
_d9081